Κοινωνικές και πολιτικές δυνάμεις στην Ελλάδα

Αποθηκεύτηκε σε:
Λεπτομέρειες βιβλιογραφικής εγγραφής
Κύριος συγγραφέας: Βεγλερής, Φαίδων Θ., 1903-1998
Μορφή: Βιβλίο
Γλώσσα:Greek
Δημοσίευση: Αθήνα : Εξάντας, 1977
Θέματα:
Ετικέτες: Προσθήκη ετικέτας
Δεν υπάρχουν, Καταχωρήστε ετικέτα πρώτοι!

MARC

LEADER 00000cam a2200000 i 4500
001 1/37941
008 960222s1977 gr | ||| |||| ||gre||
035 |l 10024770 
040 |a GR-MY-UA  |b gre  |e aacr 
041 0 |a gre 
082 0 |a 306.209495 
100 1 |a Βεγλερής, Φαίδων Θ.,   |d 1903-1998. 
245 1 0 |a Κοινωνικές και πολιτικές δυνάμεις στην Ελλάδα 
260 |a Αθήνα :   |b Εξάντας,   |c 1977 
300 |a 305 σ. 
650 0 0 |a Political sociology. 
651 0 |a Greece  |x Social conditions. 
651 0 |a Greece  |x Politics and government. 
852 |a INST  |b CHIOS  |e 19960222  |h 306.209495 KOI  |p 005200006159  |q 005200006159  |t BK  |y 0 
909 |a Χ  |b 002811